000 00626cam a22002053a 4500
001 43675
003 PGUSA
005 20140828084007.0
008 130909s2013||||xxu|||||s|||||000 | eng d
040 _aPGUSA
_beng
042 _adc
100 1 _aEllis, Edward Sylvester,
_d1840-1916
245 1 0 _aNed in the Block-House :
_bA Tale of Early Days in the West
_h[electronic resource] /
_cEdward Sylvester Ellis
260 _bProject Gutenberg,
_c2013
506 _aPublic domain in the USA.
516 _aElectronic text
830 0 _aProject Gutenberg
_v43675
856 4 0 _uhttp://www.gutenberg.org/ebooks/43675
942 _cEB
999 _c272926
_d272926